00415nam a2200169Ia 4500003000400000005001700004008004100021020001500062040000700077041000800084082002200092100002500114245003900139260003700178300001700215365001300232OSt20230511161657.0210423s2008 xx 000 0 und d a8181478150 cAL aeng a574.88223b RASV aRASTOGI (Veer Bala). aFundamentals of molecular biology. aNew DelhibAne Books Indiac2008 axxii,442bPB b350cINR